Statistics for Municipalities of Monroe County, Wisconsin

Click here to take the quiz!

General Stats

  • This quiz has been taken 32 times
    (31 since last reset)
  • The average score is 12 of 37

Answers on the Map

Answers color-coded by a green-red scale on the quiz's map according to % correct below.
 

Answer Stats

Answer% Correct
City of Sparta
100%
City of Tomah
100%
Town of Sparta
100%
Town of Tomah
100%
Town of Glendale
40%
Town of Greenfield
40%
Town of Lincoln
40%
Town of Little Falls
40%
Town of Wilton
40%
Village of Norwalk
40%
Village of Warrens
40%
Village of Wilton
40%
Census Designated Place of Cataract
20%
Census Designated Place of Tunnel City
20%
Town of Adrian
20%
Town of Angelo
20%
Town of Byron
20%
Town of Clifton
20%
Town of Grant
20%
Town of Jefferson
20%
Town of Lafayette
20%
Town of La Grange
20%
Town of Leon
20%
Town of New Lyme
20%
Town of Oakdale
20%
Town of Portland
20%
Town of Ridgeville
20%
Town of Scott
20%
Town of Sheldon
20%
Town of Wellington
20%
Town of Wells
20%
Village of Cashton
20%
Village of Kendall
20%
Village of Melvina
20%
Village of Oakdale
20%
Village of Rockland
20%
Village of Wyeville
20%

Score Distribution

Percentile by Number Answered

Percent of People with Each Score

Your Score History

You have not taken this quiz since the last reset